书目信息 |
| 题名: |
新世纪小别墅施工图集
|
|
| 作者: | 乐嘉龙 主编 | |
| 分册: | ||
| 出版信息: | 2001.03 |
|
| 页数: | 163页 | |
| 开本: | 29cm | |
| 丛书名: | ||
| 单 册: | ||
| 中图分类: | TU241.1-64 | |
| 科图分类: | ||
| 主题词: | 民用建筑--建筑设计 | |
| 电子资源: | ||
| ISBN: | 7-5083-0498-5 | |
| 000 | 00539nam0 2200181 45 | |
| 001 | 0239351483 | |
| 005 | 2002041110555148 | |
| 010 | @a7-5083-0498-5@dRMB 34.00 | |
| 100 | @a20020411d2001 km y0chiy0120 ea | |
| 101 | 0 | @achi |
| 200 | 1 | @a新世纪小别墅施工图集@Axin shi ji xiao bie shu shi gong tu ji@f乐嘉龙主编@FYue Jia Long Zhu Bian |
| 210 | @d2001.03 | |
| 215 | @a163页@d29cm | |
| 606 | 0 | @a民用建筑@x建筑设计 |
| 690 | @aTU241.1-64@v3 | |
| 701 | 0 | @a乐嘉龙@AYue Jia Long@4主编 |
| 801 | 0 | @aCN@bPFT@c20020411 |
| 905 | @a10447@dTU241.1-64@eL0741 | |
| 新世纪小别墅施工图集/乐嘉龙主编.-2001.03 |
| 163页;29cm |
| ISBN 7-5083-0498-5:RMB 34.00 |
| ● |
| 相关链接 |
|
|
|
正题名:新世纪小别墅施工图集
索取号:TU241.1-64/L0741
 
预约/预借
| 序号 | 登录号 | 条形码 | 馆藏地/架位号 | 状态 | 备注 |
| 1 | 352979 | 203529798 | 建筑库101/101建筑库 64排7列3层/ [索取号:TU241.1-64/L0741] | 在馆 | |
| 2 | 352980 | 203529805 | 建筑库101/101建筑库 64排7列4层/ [索取号:TU241.1-64/L0741] | 在馆 | |
| 3 | 352981 | 203529814 | 建筑库101/101建筑库 64排7列3层/ [索取号:TU241.1-64/L0741] | 在馆 |